Sprog
English
Deutsch
Español
Français
Italiano
日本語
Nederlands
Português
Português (Brasil)
中文(简体)
中文(繁體)
Türkçe
עברית
Gaeilge
Cymraeg
Ελληνικά
Català
Euskara
Русский
Čeština
Suomi
Svenska
polski
Dansk
slovenščina
اللغة العربية
বাংলা
Galego
Tiếng Việt
Hrvatski
हिंदी
Հայերէն
Українська
Alle Felter
Titel
Forfatter
Fag
ISBN/ISSN
Tag
Identifier
Find
Udvidet
T. 285, № 3; Comptes Rendus he...
Citér dette
Stav dette
Email dette
Udskriv
Eksportér post
Eksportér til RefWorks
Eksportér til EndNoteWeb
Eksportér til EndNote
Permanent link
Esportazione completata correttamente —
T. 285, № 3; Comptes Rendus hebdomadaires des seances de L'Academie des Sciences. Series C
Bibliografiske detaljer
Parent link:
Comptes Rendus hebdomadaires des seances de L'Academie des Sciences. Series C: magazine/ Academie des Sciences. T. 285, № 3.— , 1970-1990
Sprog:
fransk
Udgivet:
1977
Format:
MixedMaterials
Bog
KOHA link:
https://koha.lib.tpu.ru/cgi-bin/koha/opac-detail.pl?biblionumber=545620
Beholdninger
Beskrivelse
Lignende værker
Medarbejdervisning
MARC
LEADER
00000nam2a2200000 4500
001
545620
005
20231101115720.0
035
|a
(RuTPU)RU\TPU\prd\237504
035
|a
RU\TPU\prd\237503
090
|a
545620
100
|a
20150526a19701990k y0frey50 ba
101
0
|a
fre
102
|a
FR
200
0
|a
T. 285, № 3
210
|d
1977
461
1
|0
(RuTPU)RU\TPU\prd\1044
|t
Comptes Rendus hebdomadaires des seances de L'Academie des Sciences. Series C
|o
magazine
|f
Academie des Sciences
|v
T. 285, № 3
|d
1970-1990
801
0
|a
RU
|b
63413507
|c
20010227
|g
PSBO
801
1
|a
RU
|b
63413507
|c
20080423
|g
PSBO
801
2
|a
RU
|b
63413507
|c
20150526
|g
PSBO
942
|c
BK
999
|a
НТБ_ТПУ
|b
НФ
|e
-15/20140209
|p
П-94c
|u
0
|v
1
Lignende værker
T. 285, № 2; Comptes Rendus hebdomadaires des seances de L'Academie des Sciences. Series C
Udgivet: (1977)
T. 285, № 4; Comptes Rendus hebdomadaires des seances de L'Academie des Sciences. Series C
Udgivet: (1977)
T. 285, № 5; Comptes Rendus hebdomadaires des seances de L'Academie des Sciences. Series C
Udgivet: (1977)
T. 285, № 6; Comptes Rendus hebdomadaires des seances de L'Academie des Sciences. Series C
Udgivet: (1977)
T. 285, № 7; Comptes Rendus hebdomadaires des seances de L'Academie des Sciences. Series C
Udgivet: (1977)